| 000 | 00893nam a22001817a 4500 | ||
|---|---|---|---|
| 008 | 100707s2001 ua|||||r|||| 000 0 ara d | ||
| 020 | _a9770170887 | ||
| 082 |
_222 _bف ر ا _a301.20962 |
||
| 100 |
_916016 _aفراج، عبد الحميد |
||
| 245 |
_aمصر في نصف قرن: _bتأملات في السياسة والثقافة والفنون / _cبقلم عبد المجيد فراج |
||
| 260 |
_aالقاهرة : _bالهيئة المصرية العامة للكتاب ، 2001 _c2001 |
||
| 300 |
_a413ص ؛ _c23سم |
||
| 541 |
_a؛ألف باء _c؛شراء |
||
| 651 |
_913710 _aمصر _xالأحوال الاجتماعية |
||
| 651 |
_914757 _aمصر _xالأحوال الثقافية |
||
| 942 |
_2ddc _cBB |
||
| 999 |
_c14424 _d14424 |
||